| 000 | 00869nam a22002057a 4500 | ||
|---|---|---|---|
| 999 |
_c12569 _d12569 |
||
| 003 | AR-CdUCM | ||
| 008 | 190409b ||||| |||| 00| 0 spa d | ||
| 040 |
_aMUNICIPALIDAD PROVINCIAL DEL CUSCO _cBIBLIOTECA MUNICIPAL DEL CUSCO |
||
| 082 |
_a348.4 / _bB68F / 1943 |
||
| 100 |
_aBoggio Amat y León, René _930459 |
||
| 245 | _aFundamentos del derecho rural / | ||
| 260 |
_aLima : _bCía. de Impresiones y Publicidad, _c1943. |
||
| 300 |
_a179 páginas ; _c20 cm. |
||
| 505 | _aContenido: Antecedentes históricos -- Alcances y límites del derecho rural -- Sistematización -- La codificación del derecho rural -- Los conceptos doctrinarios fundamentales -- La propiedad rural en el derecho comparado. | ||
| 650 |
_aDerecho agrario _94838 |
||
| 650 |
_aDerecho rural _94837 |
||
| 650 |
_aNormas peruanas _930460 |
||
| 942 |
_2ddc _cLIBROS |
||
| 945 |
_arjall _d09/04/2019 |
||